|
|
|
|
| LEADER |
01369nam a2200397 4500 |
| 001 |
ocn883870566 |
| 003 |
OCoLC |
| 005 |
20180501122020.0 |
| 006 |
m o d |
| 007 |
cr ||||||||||| |
| 008 |
140711s2014 ne ob 001 0 eng d |
| 040 |
|
|
|a UKMGB
|b eng
|e pn
|c UKMGB
|d OCLCO
|d OPELS
|d OCLCF
|d OCLCQ
|d ESU
|d U3W
|d GrThAP
|
| 016 |
7 |
|
|a 016785405
|2 Uk
|
| 016 |
7 |
|
|a 016784876
|2 Uk
|
| 020 |
|
|
|a 9780128003145
|q (PDF ebook)
|
| 020 |
|
|
|a 0128003146
|q (PDF ebook)
|
| 020 |
|
|
|a 9780128002841
|q (hbk.)
|
| 035 |
|
|
|a (OCoLC)883870566
|
| 050 |
|
4 |
|a HM1033
|
| 082 |
0 |
4 |
|a 302
|2 23
|
| 049 |
|
|
|a TEFA
|
| 245 |
0 |
0 |
|a Advances in experimental social psychology.
|n Volume 50 /
|c edited by James M. Olson and Mark P. Zanna.
|
| 264 |
|
1 |
|a Amsterdam :
|b Academic Press,
|c 2014.
|
| 300 |
|
|
|a 1 online resource.
|
| 336 |
|
|
|a text
|b txt
|2 rdacontent
|
| 337 |
|
|
|a computer
|b c
|2 rdamedia
|
| 338 |
|
|
|a online resource
|b cr
|2 rdacarrier
|
| 504 |
|
|
|a Includes bibliographical references and index.
|
| 588 |
0 |
|
|a CIP data; item not viewed.
|
| 650 |
|
0 |
|a Social psychology.
|
| 650 |
|
7 |
|a Social psychology.
|2 fast
|0 (OCoLC)fst01122816
|
| 655 |
|
4 |
|a Electronic book.
|
| 700 |
1 |
|
|a Olson, James M.,
|e editor.
|
| 700 |
1 |
|
|a Zanna, Mark P.,
|e editor.
|
| 776 |
0 |
8 |
|i Print version
|z 9780128002841
|
| 856 |
4 |
0 |
|u https://www.sciencedirect.com/science/bookseries/00652601/50
|z Full Text via HEAL-Link
|